000 00327 a2200145 4500
001 176656
020 _a
040 _cMagnum
100 _aMocellin, Renato
240 1 0 _aOs guerrilheiros do contestado
_lpor
245 1 0 _aOs guerrilheiros do contestado
362 0 _a1899
697 _aMAGNITO: PARADIDATICO
942 _cBK
999 _c176656
_d176656